000
00317nam a22001337a 4500
008
181008b xxu||||| |||| 00| 0 eng d
020
_a
9780781742542
041
_a
eng
080
_a
610.73
100
_a
1
101
_a
INF
245
_a
Maternity, Newborn, & Women's Health Nursing
_c
Williams,L
942
_2
udc
_c
BK
999
_c
49033
_d
49033